000 01752cam a2200325 a 4500
003 EG-GiCUC
005 20250223031058.0
008 141021s2013 ua o f m 000 0 eng d
040 _aEG-GiCUC
_beng
_cEG-GiCUC
041 0 _aeng
049 _aDeposite
097 _aM.Sc
099 _aCai01.13.02.M.Sc.2013.Mo.G
100 0 _aMona Mohamed Saleh Hassen
245 1 0 _aGreen nanotechnology as a language for a futuristic architecture /
_cMona Mohamed Saleh Hassen ; Supervised Mohamed Medhat Dorrh
246 1 5 _aعمارة النانو تكنولوجى الخضراء كلغة مستقبلية للعمارة
260 _aCairo :
_bMona Mohamed Saleh Hassen ,
_c2013
300 _a182 P. :
_bphotographs ;
_c30cm
502 _aThesis (M.Sc.) - Cairo University - Faculty of Engineering - Department of Architectural Engineering
520 _aThe present thesis casts light on the recent remarkable development in discovering a novelty in the field of technology which has led to the emergence of nano technology. This has become connected with our. It is noteworthy that most of these products make the optimum use of acknowledged technology such as scratch - and dust - proof surface. The thesis is divided into three parts which review this topic in a serial, scientific method. It starts with the definition of nano technology, what it has introduced to man, and its effects on architecture and the present - day architect's thought
530 _aIssued also as CD
653 4 _aGreen nonaarchitecture
653 4 _aNano
653 4 _aNanotecnology
700 0 _aMohamed Medhat Dorrh ,
_eSupervisor
856 _uhttp://172.23.153.220/th.pdf
905 _aNazla
_eRevisor
905 _aSamia
_eCataloger
942 _2ddc
_cTH
999 _c47922
_d47922